00653nam a22001817a 450000500170000001000150001702000260003203500140005803700090007208200080008124501080008926000480019727000340024530000250027994200220030499900190032695201260034520240514114248.0 aENG-140316 c589.00a9789390663668 aEN-123848 bDBAD a881 aPoetic Anthology WPC-5:bPoetry: The Last Hope Of Mankind/cEdited By Charles Lipanda Mahigwe...[et.al] aGurugrambGlobal Fraternity Of Poets c2024 aH-23/16,DLF Phase-1bGurugram aVIII,153p.c21cm(pb) 2ddccENh881mPOE c202779d202779 001040708NFICaAVbAVd2024-05-09eDBADg589.00l0o881 POEpEN-123848r2024-05-09 00:00:00t1v589.00w2024-05-09yEN